[Event "August Tournament"]
[Site "SchemingMind.com"]
[Date "2009.08.07"]
[Round "-"]
[White "aadaam"]
[Black "keen"]
[Result "0-1"]
[WhiteCountry "INT"]
[BlackCountry "SCO"]
[WhiteElo "1777"]
[WhiteRD "50"]
[BlackElo "1655"]
[BlackRD "55"]
[GameID "215136"]

1. e4 d5 2. e5 c5 3. d4 e6 4. c3 Nc6 5. a3 Qb6 6. Nf3 Bd7 7. Be2 Nh6 8. b4 cxd4 9. cxd4 Nf5 10. Bb2 Be7
11. O-O O-O 12. g4 Nh6 13. h3 Rac8 14. Nc3 f6 15. Na4 Qd8 16. Nc5 Bxc5 17. bxc5 fxe5 18. dxe5 Ne7 19. Qd4 Ng6 20. Nd2 Qh4
21. f4 Qg3+ 22. Kh1 Qxh3+ 23. Kg1 Nh4 24. Qf2 Rxf4 25. Qh2 Qe3+
0-1

[Event "August Tournament"]
[Site "SchemingMind.com"]
[Date "2009.08.07"]
[Round "-"]
[White "wastl"]
[Black "keen"]
[Result "1-0"]
[WhiteCountry "GER"]
[BlackCountry "SCO"]
[WhiteElo "1513"]
[WhiteRD "110"]
[BlackElo "1655"]
[BlackRD "55"]
[GameID "215137"]

1. e4 d5 2. d4 dxe4 3. Bc4 Nf6 4. Nc3 Bg4 5. f3 exf3 6. Nxf3 e6 7. Qe2 Nc6 8. d5 Nd4 9. Qe5 Nxc2+ 10. Kf2 Nxa1
11. dxe6 fxe6 12. Nb5 a6 13. Nxc7+ Kf7 14. Bxe6+ Bxe6 15. Qxe6+ Kg6 16. Ne5+ Kh5 17. Qh3#
1-0

[Event "August Tournament"]
[Site "SchemingMind.com"]
[Date "2009.08.08"]
[Round "-"]
[White "D4SAKEN1"]
[Black "keen"]
[Result "0-1"]
[WhiteCountry "USA"]
[BlackCountry "SCO"]
[WhiteElo "1400"]
[WhiteRD "83"]
[BlackElo "1655"]
[BlackRD "55"]
[GameID "215182"]

1. e4 e6 2. e5 d5 3. d4 c5 4. Nf3 Nc6 5. dxc5 Bxc5 6. Bb5 Bd7 7. O-O Nxe5 8. Bxd7+ Nxd7 9. Nc3 Ngf6 10. Bg5 O-O
11. Qe2 a6 12. a3 Rc8 13. b4 Bxf2+ 14. Rxf2 Rxc3 15. Ne5 Qc7 16. Nxd7 Nxd7 17. a4 Rc8 18. Qg4 Rc4 19. Qh5 g6 20. Qf3 Ne5
21. Qf6 Ng4 22. Bf4 Qb6 23. Qh4 Rxf4 24. Rf1 Nxf2 25. Qxf4 Nh3+
0-1

[Event "August Tournament"]
[Site "SchemingMind.com"]
[Date "2009.08.10"]
[Round "-"]
[White "D4SAKEN1"]
[Black "Negrito19"]
[Result "0-1"]
[WhiteCountry "USA"]
[BlackCountry "ARG"]
[WhiteElo "1400"]
[WhiteRD "83"]
[BlackElo "1610"]
[BlackRD "64"]
[GameID "215183"]

1. e4 e5 2. Nf3 d6 3. Nc3 a6 4. d4 Bg4 5. Be2 Bxf3 6. Bxf3 exd4 7. Qxd4 Nc6 8. Qd5 Nf6 9. Qd2 g6 10. O-O Bg7
11. Nd5 Nxd5 12. exd5 Ne5 13. Qb4 Nxf3+ 14. gxf3 b5 15. Re1+ Be5 16. f4 O-O 17. fxe5 dxe5 18. Rxe5 Qf6 19. Qe7 Qf3 20. Bh6 Qg4+
21. Kh1 Qf3+ 22. Kg1 Qg4+ 23. Kf1 Qh3+ 24. Ke1 Qxh6 25. Qxc7 Rac8 26. Qb7 Rxc2 27. Qxa6 Qd2+ 28. Kf1 Qxf2#
0-1

[Event "August Tournament"]
[Site "SchemingMind.com"]
[Date "2009.08.12"]
[Round "-"]
[White "D4SAKEN1"]
[Black "Shanks"]
[Result "0-1"]
[WhiteCountry "USA"]
[BlackCountry "ENG"]
[WhiteElo "1330"]
[WhiteRD "83"]
[BlackElo "1503"]
[BlackRD "65"]
[GameID "215184"]

1. e4 d6 2. Nc3 g6 3. d4 Bg7 4. d5 a6 5. Nf3 Nd7 6. b4 b6 7. Bb2 Bb7 8. a4 a5 9. b5 h5 10. Ng5 Ndf6
11. Be2 Nh6 12. O-O Qd7 13. Bd3 O-O-O 14. Qe2 Nfg4 15. Qf3 Ne5 16. Qg3 Nxd3 17. Qxd3 Bf6 18. f4 Kb8 19. Rae1 Rhg8 20. h3 e6
21. Nh7 Bh8 22. f5 exf5 23. e5 Bxe5 24. Ng5 f4 25. Re4 f5 26. Rc4 Nf7 27. Ne6 Rc8 28. Nxf4 Bxf4 29. Qe2 Be5 30. h4 f4
31. Qf3 Nh6 32. Nd1 Bxb2 33. Nxb2 Nf7 34. Rxf4 Ne5 35. Qe4 Rce8 36. Qd4 Ng4 37. Rf7 Qc8 38. Nc4 Nh6 39. Nxb6 cxb6 40. Rh7 Nf5
41. Qxb6 Qc5+ 42. Qxc5 dxc5 43. c4 Nd6 44. Rc1 Re4 45. g3 Nxc4 46. d6 Nxd6 47. Rxc5 Rxa4 48. b6 Ra1+ 49. Kf2 Ne4+
0-1

[Event "August Tournament"]
[Site "SchemingMind.com"]
[Date "2009.08.08"]
[Round "-"]
[White "D4SAKEN1"]
[Black "palomo"]
[Result "0-1"]
[WhiteCountry "USA"]
[BlackCountry "ARG"]
[WhiteElo "1388"]
[WhiteRD "84"]
[BlackElo "1598"]
[BlackRD "85"]
[GameID "215185"]

1. e4 e5 2. Nf3 Nc6 3. Nc3 Nf6 4. d4 exd4 5. Nxd4 Nxd4 6. Bg5 h6 7. Be3 Nc6 8. a3 d6 9. Bc4 Be7 10. Bd3 O-O
11. Nd5 Nxd5 12. exd5 Ne5 13. Be4 Bf6 14. b4 Re8 15. a4 Ng4 16. h3 Nxe3 17. fxe3 Bxa1 18. Qxa1 Qh4+ 19. Ke2 Qxe4 20. Rg1 Qxe3+
21. Kf1 Qe2#
0-1

[Event "August Tournament"]
[Site "SchemingMind.com"]
[Date "2009.08.08"]
[Round "-"]
[White "D4SAKEN1"]
[Black "aadaam"]
[Result "0-1"]
[WhiteCountry "USA"]
[BlackCountry "INT"]
[WhiteElo "1400"]
[WhiteRD "83"]
[BlackElo "1777"]
[BlackRD "50"]
[GameID "215186"]

1. e4 e6 2. e5 d5 3. d4 c5 4. Nf3 Nc6 5. c3 Qb6 6. Be2 f6 7. O-O fxe5 8. dxe5 Bd7 9. a3 Nge7 10. b4 cxb4
11. axb4 Ng6 12. Ng5 Ncxe5 13. Ra5 Bd6 14. Na3 h6 15. Nf3 O-O 16. Nxe5 Bxe5 17. Be3 Qc7 18. Nb5 Bxb5 19. Rxb5 Bxh2+ 20. Kh1 Bd6
21. g3 a6 22. Ra5 Qxc3 23. Bd2 Qf6 24. b5 axb5 25. Rxa8 Rxa8 26. Bxb5 Qb2 27. Bd7 Kf7 28. Qf3+ Ke7 29. Bxe6 Kxe6 30. Re1+ Ne5
31. Bf4 Ra1 32. Qe3 Rxe1+ 33. Qxe1 Kd7 34. Kg2 Nd3 35. Qe3 Nxf4+ 36. gxf4 d4 37. Qe4 Qb6 38. Qf5+ Kd8 39. Kg3 Qc7 40. Qe4 Bxf4+
41. Qxf4 Qxf4+ 42. Kxf4 Kd7 43. Ke4 b5 44. Kxd4 h5
0-1

[Event "August Tournament"]
[Site "SchemingMind.com"]
[Date "2009.08.08"]
[Round "-"]
[White "D4SAKEN1"]
[Black "wastl"]
[Result "1-0"]
[WhiteCountry "USA"]
[BlackCountry "GER"]
[WhiteElo "1400"]
[WhiteRD "83"]
[BlackElo "1513"]
[BlackRD "110"]
[GameID "215187"]

1. e4 e5 2. Nf3 Nc6 3. d3 Bc5 4. Qd2 d6 5. Nc3 Nf6 6. Be2 Bxf2+ 7. Kxf2 Ng4+ 8. Ke1 Nd4 9. Nxd4 exd4 10. Nd5 c6
11. Nb4 Qf6 12. Rf1 Qh4+ 13. g3 Qxh2 14. Qf4 Ne5 15. c3 Bh3 16. Qh4 c5 17. Nd5 Ng6 18. Qh5 Qxg3+ 19. Rf2 Nf4 20. Nxf4
1-0

[Event "August Tournament"]
[Site "SchemingMind.com"]
[Date "2009.08.08"]
[Round "-"]
[White "keen"]
[Black "D4SAKEN1"]
[Result "1-0"]
[WhiteCountry "SCO"]
[BlackCountry "USA"]
[WhiteElo "1655"]
[WhiteRD "55"]
[BlackElo "1400"]
[BlackRD "83"]
[GameID "215188"]

1. d4 d5 2. e3 e6 3. Bd3 Nf6 4. Nd2 Nc6 5. c3 e5 6. dxe5 Nxe5 7. Bc2 Bd6 8. Ngf3 Nxf3+ 9. Nxf3 Bg4 10. O-O Bxf3
11. Qxf3 c6 12. b3 Ne4 13. Bxe4 dxe4 14. Qxe4+ Be7 15. Bb2 O-O 16. Rad1 Qc7 17. c4 Bd6 18. g3 Rae8 19. Qg4 Be5 20. Bxe5 Qxe5
21. Qd7 g6 22. Qxb7 a5 23. Qxc6 h5 24. Rd5 Qb2 25. Rxa5 Re5 26. Ra7 Rfe8 27. Ra8 Rxa8 28. Qxa8+ Kg7 29. Qa7 g5 30. Qd4 Qxd4
31. exd4 Re2 32. Ra1 f5 33. Kf1 Rd2 34. d5 Kf6 35. Ke1 Rd4 36. Rd1 Re4+ 37. Kf1 f4 38. d6 fxg3 39. hxg3 h4 40. d7 hxg3
41. d8=Q+ Kf5 42. Qd3 gxf2 43. Qf3+ Rf4 44. Qxf4+ gxf4 45. c5
1-0

[Event "August Tournament"]
[Site "SchemingMind.com"]
[Date "2009.08.10"]
[Round "-"]
[White "Negrito19"]
[Black "D4SAKEN1"]
[Result "1-0"]
[WhiteCountry "ARG"]
[BlackCountry "USA"]
[WhiteElo "1610"]
[WhiteRD "64"]
[BlackElo "1400"]
[BlackRD "83"]
[GameID "215189"]

1. e4 e5 2. Nf3 Nc6 3. Nc3 Nf6 4. d4 exd4 5. Nxd4 Nxd4 6. Qxd4 c6 7. Bg5 Be7 8. Bc4 b5 9. Bb3 d5 10. h3 O-O
11. O-O-O Nxe4 12. Bh6 Bf6 13. Qe3 Nxc3 14. bxc3 gxh6 15. Qxh6 Bg5+ 16. Qxg5+ Qxg5+ 17. Kb1 Qxg2 18. Rhg1 Qxg1 19. Rxg1+ Kh8 20. Rg3 Be6
21. a4 a6 22. f4 Rg8 23. Rf3 bxa4 24. Bxa4 Rab8+ 25. Kc1 Rg1+ 26. Kd2 c5 27. f5 Bc8 28. Bc6 d4 29. cxd4 cxd4 30. Rf4 Rb4
31. Rf3 Rg2+ 32. Kc1 a5 33. f6 Rc4 34. Be4 Rh2 35. Rb3 Rcxc2+ 36. Bxc2 a4 37. Rb8 Rg2 38. Rxc8+ Rg8 39. Rc7 a3 40. Rxf7 Ra8
41. Rxh7+ Kg8 42. f7+ Kf8 43. Rh8+
1-0

[Event "August Tournament"]
[Site "SchemingMind.com"]
[Date "2009.08.12"]
[Round "-"]
[White "Shanks"]
[Black "D4SAKEN1"]
[Result "1-0"]
[WhiteCountry "ENG"]
[BlackCountry "USA"]
[WhiteElo "1508"]
[WhiteRD "70"]
[BlackElo "1388"]
[BlackRD "84"]
[GameID "215190"]

1. d4 Nf6 2. Nf3 d5 3. c3 Bg4 4. Ne5 Bh5 5. Qa4+ c6 6. Qd1 e6 7. Nd2 Qd6 8. g3 Ne4 9. Nxe4 Qe7 10. Nd2 c5
11. Bg2 cxd4 12. cxd4 Nc6 13. Nxc6 bxc6 14. O-O a5 15. a4 Rb8 16. b3 c5 17. Ba3 Qc7 18. dxc5 Bxc5 19. Bxc5 Qxc5 20. Rc1 Qe7
21. Nf3 O-O 22. Ne5 Rb4 23. Nc6 Qd6 24. Nxb4 Qxb4 25. f3 d4 26. Rc4 Qd6 27. Rxd4 Qe7 28. g4 e5 29. Rd5 Bg6 30. Rxa5 f5
31. gxf5 Bxf5 32. Qd5+ Kh8 33. Qxe5 Qxe5 34. Rxe5 g6 35. a5 h5 36. e4 Bd7 37. b4 h4 38. h3 Kh7 39. Re7+
1-0

[Event "August Tournament"]
[Site "SchemingMind.com"]
[Date "2009.08.09"]
[Round "-"]
[White "palomo"]
[Black "D4SAKEN1"]
[Result "1-0"]
[WhiteCountry "ARG"]
[BlackCountry "USA"]
[WhiteElo "1536"]
[WhiteRD "82"]
[BlackElo "1330"]
[BlackRD "83"]
[GameID "215191"]

1. e4 e5 2. Nf3 Nc6 3. Bb5 d6 4. O-O Bd7 5. Re1 a6 6. Ba4 Nf6 7. c3 Na5 8. Bxd7+ Qxd7 9. d4 Ng4 10. dxe5 Nxe5
11. Nxe5 dxe5 12. Qxd7+ Kxd7 13. Nd2 b5 14. Nf3 Bd6 15. Bg5 f6 16. Bh4 g5 17. Bg3 Nc4 18. b4 g4 19. Nh4 Nd2 20. Nf5 Nc4
21. Nxd6 Nxd6 22. Rad1 Ke6 23. f4 gxf3 24. gxf3 h5 25. f4 a5 26. fxe5 h4 27. Bf4 Rhg8+ 28. Kf2 Nxe4+ 29. Rxe4 h3 30. exf6+ Kxf6
31. Bxc7 Rg2+ 32. Kf3 axb4 33. Bd8+ Rxd8 34. Rxd8 Kf5 35. Rf8+ Kg5 36. Rg8+ Kf5 37. Rf4+ Ke5 38. Re8+ Kd6 39. Rd4+ Kc7 40. Rxb4 Kc6
41. c4 Rxh2 42. Rxb5 Rxa2 43. Rd5 h2 44. Re6+ Kc7 45. Rh5 Kd7 46. Rg6 Rc2 47. Rh7+ Ke8 48. Rg8#
1-0

[Event "August Tournament"]
[Site "SchemingMind.com"]
[Date "2009.08.08"]
[Round "-"]
[White "aadaam"]
[Black "D4SAKEN1"]
[Result "1-0"]
[WhiteCountry "INT"]
[BlackCountry "USA"]
[WhiteElo "1777"]
[WhiteRD "50"]
[BlackElo "1400"]
[BlackRD "83"]
[GameID "215192"]

1. d4 d5 2. c4 Nf6 3. cxd5 Qxd5 4. Nc3 Qd7 5. Nf3 c6 6. e4 b5 7. Be2 Qd6 8. e5 Qe6 9. exf6 Qxf6 10. O-O e6
11. Re1 b4 12. Ne4 Qg6 13. Bd3 Nd7 14. Nd6+ Bxd6 15. Bxg6 hxg6 16. d5 Bc5 17. dxe6 Nf6 18. exf7+ Kxf7 19. Ne5+ Ke6 20. Nxg6+ Kf5
21. Qd3+ Kg4 22. Qf3#
1-0

[Event "August Tournament"]
[Site "SchemingMind.com"]
[Date "2009.08.08"]
[Round "-"]
[White "wastl"]
[Black "D4SAKEN1"]
[Result "1-0"]
[WhiteCountry "GER"]
[BlackCountry "USA"]
[WhiteElo "1513"]
[WhiteRD "110"]
[BlackElo "1400"]
[BlackRD "83"]
[GameID "215193"]

1. e4 e5 2. Nf3 Nc6 3. Bc4 d6 4. c3 Nf6 5. Ng5 Be6 6. Bxe6 fxe6 7. Nxe6 Qe7 8. Ng5 d5 9. d4 Nxe4 10. O-O Nxg5
11. Nd2 e4 12. Nb3 O-O-O 13. Qg4+ Rd7 14. Bxg5 Qd6 15. Nc5 b6 16. Bf4 Qe7 17. Qe2 Rd6 18. Qa6+ Kd8 19. Bxd6 Qxd6 20. Nb7+ Kd7
21. Nxd6 Bxd6 22. b4 g5 23. f3 e3 24. Rfe1 Re8 25. b5 Na5 26. Qxa7 h5 27. Re2 g4 28. fxg4 hxg4 29. g3 Nc4 30. Qb7 Ke6
31. Kg2 Nd2 32. Rxe3+ Ne4 33. c4 Kf5 34. Rf1+ Kg5 35. Qxd5+ Kh6 36. Rxe4 Rxe4 37. Qxe4
1-0

[Event "August Tournament"]
[Site "SchemingMind.com"]
[Date "2009.08.08"]
[Round "-"]
[White "maro"]
[Black "keen"]
[Result "0-1"]
[WhiteCountry "MEX"]
[BlackCountry "SCO"]
[WhiteElo "1292"]
[WhiteRD "48"]
[BlackElo "1655"]
[BlackRD "55"]
[GameID "215220"]

1. c4 Nf6 2. Nc3 g6 3. d4 Bg7 4. d5 O-O 5. e4 d6 6. Be2 c6 7. Nf3 Nbd7 8. O-O cxd5 9. cxd5 Nc5 10. b4 Ncxe4
11. Nxe4 Nxe4 12. Rb1 Nc3 13. Qd3 Nxb1 14. Qxb1 Bd7 15. Bb2 Bf5 16. Bd3 Bxd3 17. Qxd3 Bxb2 18. Qb1 Bg7 19. a4 Rc8
0-1

[Event "August Tournament"]
[Site "SchemingMind.com"]
[Date "2009.08.09"]
[Round "-"]
[White "maro"]
[Black "Negrito19"]
[Result "0-1"]
[WhiteCountry "MEX"]
[BlackCountry "ARG"]
[WhiteElo "1292"]
[WhiteRD "48"]
[BlackElo "1610"]
[BlackRD "64"]
[GameID "215221"]

1. b4 e5 2. c4 Bxb4 3. Ba3 Nc6 4. e4 a5 5. Qa4 d6 6. Bxb4 Bd7 7. Bc3 Nb4 8. Qb3 c5 9. Bxb4 cxb4 10. a3 Qb6
11. axb4 a4 12. Qc2 Nf6 13. Bd3 Qxb4 14. Ne2 O-O 15. O-O Ng4 16. Nbc3 a3 17. Nd5 Qc5 18. h3 Nh6 19. Rfb1 Ba4 20. Qc1 Bc6
21. Ne7+ Kh8 22. Nxc6 bxc6 23. Rxa3 Rxa3 24. Ra1 Rfa8 25. Bc2 Rxa1
0-1

[Event "August Tournament"]
[Site "SchemingMind.com"]
[Date "2009.08.12"]
[Round "-"]
[White "maro"]
[Black "Shanks"]
[Result "0-1"]
[WhiteCountry "MEX"]
[BlackCountry "ENG"]
[WhiteElo "1348"]
[WhiteRD "47"]
[BlackElo "1503"]
[BlackRD "65"]
[GameID "215222"]

1. Nf3 d6 2. e4 e5 3. Bc4 h6 4. h3 Nf6 5. Nc3 c6 6. d4 exd4 7. Nxd4 c5 8. Bb5+ Nbd7 9. e5 dxe5 10. Nf5 a6
11. Bc4 b5 12. Nd6+ Bxd6 13. O-O bxc4 14. Nd5 Nxd5 15. Qxd5 Nb6 16. Qc6+ Kf8 17. Qxa8 Nxa8
0-1

[Event "August Tournament"]
[Site "SchemingMind.com"]
[Date "2009.08.08"]
[Round "-"]
[White "maro"]
[Black "palomo"]
[Result "1-0"]
[WhiteCountry "MEX"]
[BlackCountry "ARG"]
[WhiteElo "1348"]
[WhiteRD "47"]
[BlackElo "1536"]
[BlackRD "82"]
[GameID "215223"]

1. d4 d5 2. c4 e6 3. c5 c6 4. Nf3 Nf6 5. Ne5 Nbd7 6. Bf4 Nxe5 7. Bxe5 Be7 8. Nd2 O-O 9. e3 b6 10. b4 h6
11. Bd3 bxc5 12. bxc5 Qa5 13. Bxf6 Bxf6 14. O-O Re8 15. Nb3 Qd8 16. a4 e5 17. Qd2 exd4 18. exd4 a5 19. Rfe1 Bg5 20. Rxe8+ Qxe8
21. Qc2 g6 22. Qc3 Ba6 23. Bxa6 Rxa6 24. Nxa5 Bd8 25. Nb7 Bc7 26. Nd6 Bxd6 27. cxd6 Qe6 28. Qb4 Kg7 29. Kf1 Ra8 30. a5 Qg4
31. h3 Qe4 32. d7 Rd8 33. Re1 Qc2 34. Qe7 Qc3 35. Qxd8 Qxd4 36. Qc7
1-0

[Event "August Tournament"]
[Site "SchemingMind.com"]
[Date "2009.08.08"]
[Round "-"]
[White "maro"]
[Black "aadaam"]
[Result "0-1"]
[WhiteCountry "MEX"]
[BlackCountry "INT"]
[WhiteElo "1292"]
[WhiteRD "48"]
[BlackElo "1777"]
[BlackRD "50"]
[GameID "215224"]

1. c4 Nf6 2. Nc3 g6 3. d4 d5 4. c5 b6 5. e3 Bb7 6. Bb5+ c6 7. Bd3 Nbd7 8. b4 e5 9. dxe5 Nxe5 10. Nf3 Nxd3+
11. Qxd3 bxc5 12. bxc5 Bxc5 13. Na4 Qa5+ 14. Nc3 Ne4 15. Bd2 Nxd2 16. Nxd2 Bb4 17. Ndb1 Ba6 18. Qd4 O-O 19. a3 c5 20. Qd2 d4
21. Qb2 dxc3 22. axb4 Qb5 23. Qxc3 Qe2#
0-1

[Event "August Tournament"]
[Site "SchemingMind.com"]
[Date "2009.08.08"]
[Round "-"]
[White "maro"]
[Black "D4SAKEN1"]
[Result "1-0"]
[WhiteCountry "MEX"]
[BlackCountry "USA"]
[WhiteElo "1292"]
[WhiteRD "48"]
[BlackElo "1400"]
[BlackRD "83"]
[GameID "215225"]

1. e4 e5 2. Nf3 Nc6 3. c3 Nf6 4. Bc4 Nxe4 5. d3 Nc5 6. Ng5 Ne6 7. Nxe6 dxe6 8. O-O Qf6 9. Be3 b6 10. Bb5 Bb7
11. d4 Rd8 12. Qa4 Rd6 13. Nd2 a6 14. Bxa6 Bxa6 15. Qxa6 Be7 16. Nc4 Rd5 17. Qa8+ Rd8 18. Qxc6+ Rd7 19. Nxe5 O-O 20. Nxd7 Qg6
21. Nxf8 Bxf8 22. Qxc7 b5 23. Rad1 f5 24. f4 h5 25. d5 h4 26. dxe6 Qxe6 27. Bc5 Bxc5+ 28. Qxc5 Qxa2 29. Rd8+ Kh7 30. Qxf5+ Kh6
31. Rd6+
1-0

[Event "August Tournament"]
[Site "SchemingMind.com"]
[Date "2009.08.08"]
[Round "-"]
[White "maro"]
[Black "wastl"]
[Result "0-1"]
[WhiteCountry "MEX"]
[BlackCountry "GER"]
[WhiteElo "1292"]
[WhiteRD "48"]
[BlackElo "1513"]
[BlackRD "110"]
[GameID "215226"]

1. d4 d5 2. c4 c6 3. c5 Nd7 4. Bf4 Ngf6 5. Nf3 b6 6. b4 e5 7. dxe5 Ne4 8. e6 fxe6 9. Bg5 Nxg5 10. Nxg5 Qxg5
11. g3 bxc5 12. bxc5 Bxc5 13. Nc3 O-O 14. Rb1 Bxf2#
0-1

[Event "August Tournament"]
[Site "SchemingMind.com"]
[Date "2009.08.08"]
[Round "-"]
[White "keen"]
[Black "maro"]
[Result "1-0"]
[WhiteCountry "SCO"]
[BlackCountry "MEX"]
[WhiteElo "1655"]
[WhiteRD "55"]
[BlackElo "1292"]
[BlackRD "48"]
[GameID "215227"]

1. d4 e5 2. dxe5 d6 3. exd6 Bxd6 4. Nc3 Nf6 5. Bg5 h6 6. Bh4 Qe7 7. Nf3 Bg4 8. Qd3 Bf4 9. h3 Bxf3 10. Qxf3 g5
11. Qxb7 gxh4 12. Qxa8 O-O 13. e3 Be5 14. Bd3 Nc6 15. Qxc6
1-0

[Event "August Tournament"]
[Site "SchemingMind.com"]
[Date "2009.08.10"]
[Round "-"]
[White "Negrito19"]
[Black "maro"]
[Result "1-0"]
[WhiteCountry "ARG"]
[BlackCountry "MEX"]
[WhiteElo "1610"]
[WhiteRD "64"]
[BlackElo "1292"]
[BlackRD "48"]
[GameID "215228"]

1. e4 e5 2. d4 Nc6 3. d5 Nd4 4. c3 Nf3+ 5. Nxf3 d6 6. Nbd2 a6 7. Bd3 Nf6 8. h3 Nh5 9. Nc4 Nf4 10. Bxf4 exf4
11. O-O Be7 12. Nd4 Bg5 13. Nf5 O-O 14. g3 fxg3 15. fxg3 g6 16. g4 b5 17. Nce3 Bxe3+ 18. Nxe3 Qh4 19. Qf3 h5 20. e5 dxe5
21. Bxg6 fxg6 22. Qxf8+ Kh7 23. Rf7#
1-0

[Event "August Tournament"]
[Site "SchemingMind.com"]
[Date "2009.08.12"]
[Round "-"]
[White "Shanks"]
[Black "maro"]
[Result "1-0"]
[WhiteCountry "ENG"]
[BlackCountry "MEX"]
[WhiteElo "1515"]
[WhiteRD "69"]
[BlackElo "1327"]
[BlackRD "48"]
[GameID "215229"]

1. e4 e5 2. a3 d5 3. exd5 Qxd5 4. Nc3 Qd6 5. d3 Nc6 6. Ne4 Qe6 7. Nf3 Nf6 8. Nxf6+ Qxf6 9. Be2 Nd4 10. Nxd4 exd4
11. O-O Bd6 12. Bf3 O-O 13. Bd2 Re8 14. g3 Bh3 15. Bg2 Bxg2 16. Kxg2 Re7 17. b4 Rae8 18. Kg1 a6 19. Rc1 c5 20. bxc5 Bxc5
21. a4 Re2 22. Rb1 a5 23. Rxb7 R2e7 24. Rb5 Bb6 25. Rb1 Bc7 26. Rc1 Re5 27. f4 Re2 28. Re1
1-0

[Event "August Tournament"]
[Site "SchemingMind.com"]
[Date "2009.08.08"]
[Round "-"]
[White "palomo"]
[Black "maro"]
[Result "1-0"]
[WhiteCountry "ARG"]
[BlackCountry "MEX"]
[WhiteElo "1598"]
[WhiteRD "85"]
[BlackElo "1331"]
[BlackRD "48"]
[GameID "215230"]

1. e4 g6 2. Nc3 Bg7 3. d4 d6 4. Be3 Nc6 5. Bc4 e6 6. Bb3 Nge7 7. Nf3 O-O 8. O-O e5 9. h3 exd4 10. Nxd4 Nxd4
11. Bxd4 Bxd4 12. Qxd4 c5 13. Qe3 b6 14. Qf3 Ba6 15. Rfe1 Qc7 16. Nd5 Nxd5 17. Bxd5 Rae8 18. Re3 Bb7 19. Rae1 Bxd5 20. exd5 Qd7
21. Qg3 Rxe3 22. Rxe3 b5 23. b3 Re8 24. Rxe8+ Qxe8= 25. Qxd6 c4 26. bxc4 bxc4 27. Qc5 Qe1+ 28. Kh2 f5 29. Qxa7 g5 30. d6 Qd2
31. d7
1-0

[Event "August Tournament"]
[Site "SchemingMind.com"]
[Date "2009.08.08"]
[Round "-"]
[White "D4SAKEN1"]
[Black "maro"]
[Result "1-0"]
[WhiteCountry "USA"]
[BlackCountry "MEX"]
[WhiteElo "1400"]
[WhiteRD "83"]
[BlackElo "1292"]
[BlackRD "48"]
[GameID "215232"]

1. e4 d5 2. e5 e6 3. d4 f6 4. Nf3 fxe5 5. dxe5 Bc5 6. Bb5+ c6 7. Ba4 Qa5+ 8. Nc3 Bb4 9. Bb3 b6 10. a3 Bxc3+
11. bxc3 Qxc3+ 12. Bd2 Qc5 13. O-O Ba6 14. Re1 Nd7 15. Ng5 Qf8 16. Nxe6 Qe7 17. Nc7+ Kd8 18. Nxa8 Nxe5 19. Bf4 Bc8 20. Rxe5 Be6
21. c4 Nf6 22. cxd5 cxd5 23. Bxd5 Nxd5 24. Bg5
1-0

[Event "August Tournament"]
[Site "SchemingMind.com"]
[Date "2009.08.08"]
[Round "-"]
[White "wastl"]
[Black "maro"]
[Result "1-0"]
[WhiteCountry "GER"]
[BlackCountry "MEX"]
[WhiteElo "1513"]
[WhiteRD "110"]
[BlackElo "1292"]
[BlackRD "48"]
[GameID "215233"]

1. e4 Nc6 2. Nf3 e5 3. Bc4 Nh6 4. d4 exd4 5. c3 Bc5 6. Bxf7+ Nxf7 7. O-O dxc3 8. Nxc3 b6 9. Re1 Nce5 10. Nxe5 Nxe5
11. Nd5 O-O 12. Be3 Qh4 13. Re2 Ng4 14. h3 Nxf2 15. Qb3 Nxh3+ 16. gxh3 Qg3+ 17. Rg2 Qe5 18. Bxc5 Rf3 19. Ne7+
1-0